000 01570nam a2200409 a 4500
001 ebr10271532
003 CaPaEBR
006 m u
007 cr cn|||||||||
008 060713s2006 enkaf sb 001 0 eng
010 _z 2006022878
015 _aGBA653902
_2bnb
016 7 _z013489970
_2Uk
020 _z0198570864 (pbk. : alk. paper)
020 _z9780198570868 (pbk. : alk. paper)
020 _z0198570856 (hbk. : alk. paper)
020 _z9780198570851 (hbk. : alk. paper)
040 _aCaPaEBR
_cCaPaEBR
035 _a(OCoLC)252636135
050 1 4 _aQK830
_b.E26 2006eb
082 0 4 _a575.6
_222
245 0 0 _aEcology and evolution of flowers
_h[electronic resource] /
_cedited by Lawrence D. Harder, Spencer C.H. Barrett.
260 _aOxford ;
_aNew York :
_bOxford University Press,
_c2006.
300 _axix, 370 p., [8] p. of plates :
_bill. (some col.).
490 1 _aOxford biology
504 _aIncludes bibliographical references and index.
533 _aElectronic reproduction.
_bPalo Alto, Calif. :
_cebrary,
_d2013.
_nAvailable via World Wide Web.
_nAccess may be limited to ebrary affiliated libraries.
650 0 _aPlants, Flowering of.
650 0 _aPlant ecology.
650 0 _aPlants
_xEvolution.
655 7 _aElectronic books.
_2local
700 1 _aHarder, Lawrence D.
700 1 _aBarrett, Spencer Charles Hilton.
710 2 _aebrary, Inc.
830 0 _aOxford biology.
856 4 0 _uhttp://site.ebrary.com/lib/rucke/Doc?id=10271532
_zAn electronic book accessible through the World Wide Web; click to view
999 _c7398
_d7398